Shackelford cirugía del aparato digestivo (Registro nro. 52543)

Detalles MARC
000 -ENCABEZADO
Número de control [NR] 01231nam a2200301Ia 4500
005 - FECHA Y HORA DE LA ÚLTIMA TRANSACCIÓN
control field 20211105120515.0
008 - DE LONGITUD FIJA DE DATOS DE ELEMENTOS - INFORMACIÓN GENERAL
Elementos de longitud fija [NR] 130821s2005 ag ado fr 1 spa
020 ## - NUMERO INTERNACIONAL NORMALIZADO PARA LIBROS [R]
Número Internacional Normalizado del libro [NR] 8479038578
040 ## - FUENTE DE CATALOGACION [NR]
Agencia de catalogación original [NR] CO-BoUCM
Idioma de catalogación [NR] spa
Quien Cataloga Jose A. Gerena (modificó)
Quien Clasifica [Nuevo]
041 00 - CODIGO DE IDIOMA [R]
Código de idioma para texto/pista de sonido o título separado [R] Español
060 ## - SIGNATURA TOPOGRAFICA DE LA BIBLIOTECA NACIONAL DE MEDICINA (NLM) [R]
Número clasificador [R] WI 900
245 10 - MENCION DE TITULO [NR]
Título [NR] Shackelford cirugía del aparato digestivo
Mención de responsabilidad, etc. [NR] Richard T. Shackelford...[y otros] ; [editores] George D.Zuidema y Charles J. Yeo ; traducción Gustavo A. Mezzano...[y otros.]
246 ## - FORMA VARIANTE DEL TITULO [R]
Título propiamente dicho/forma breve del título [NR] Cirugía del aparato digestivo
250 ## - MENCION DE EDICION [NR]
Mención de edición [NR] 5a Ed
260 ## - PUBLICACION, DISTRIBUCION, ETC. (PIE DE IMPRENTA) [R]
Lugar de publicación, distribución, etc. [R] Buenos Aires (Argentina)
Nombre del editor, distribuidor, etc. [R] Médica panamericana
Fecha de publicación, distribución, etc. [R] 2005
300 ## - DESCRIPCION FISICA [R]
Extensión [R] 620 páginas
Otros detalles físicos [NR] ilustraciones, cuadros, gráficas, fotografías
505 ## - NOTA DE CONTENIDO CON FORMATO PREESTABLECIDO [R]
Información miscelánea [R] Vol. 1.
State manifest and birth record (1764-1977). Esófago.
650 07 - ASIENTO SECUNDARIO DE MATERIA - TERMINO TEMATICO [R]
Término temático o nombre geográfico como elemento de entrada [NR] Aparato digestivo
Subdivisión general [R] Cirugía
9 (RLIN) 9218
650 07 - ASIENTO SECUNDARIO DE MATERIA - TERMINO TEMATICO [R]
Término temático o nombre geográfico como elemento de entrada [NR] Aparato digestivo
Subdivisión general [R] Enfermedades
9 (RLIN) 9218
650 07 - ASIENTO SECUNDARIO DE MATERIA - TERMINO TEMATICO [R]
Término temático o nombre geográfico como elemento de entrada [NR] Aparato digestivo
Subdivisión general [R] Enfermedades
-- Diagnostico y tratamiento
9 (RLIN) 9218
650 07 - ASIENTO SECUNDARIO DE MATERIA - TERMINO TEMATICO [R]
Término temático o nombre geográfico como elemento de entrada [NR] Cirugía
9 (RLIN) 7407
700 1# - ASIENTO SECUNDARIO - NOMBRE PERSONAL [R]
Nombre personal [NR] Mezzano, Gustavo A.
Término de relación [R] traductor
9 (RLIN) 52635
700 1# - ASIENTO SECUNDARIO - NOMBRE PERSONAL [R]
Nombre personal [NR] Shackelford, Richard T.
9 (RLIN) 52632
700 1# - ASIENTO SECUNDARIO - NOMBRE PERSONAL [R]
Nombre personal [NR] Yeo, Charles J.
9 (RLIN) 52633
700 1# - ASIENTO SECUNDARIO - NOMBRE PERSONAL [R]
Nombre personal [NR] Zuidema, George D.
9 (RLIN) 52634
765 1# - ASIENTO DE IDIOMA ORIGINAL [R]
Título [NR] Shackelford's surgery of the alimentary tract
942 ## - ELEMENTOS DE ENTRADA AGREGADOS (KOHA)
Tipo de ítem principal el descrito en 300a Libro
Sistema de clasificación NLM
Tema principal Medicina
Edición 5
Clasificación WI 900
Parte restante de la signatura top. S524
Título oculto en OPAC No
Existencias
Fecha de último préstamo Total préstamos Total Renewals Signatura topográfica Código de barras Última vez visto Volúmen / Fascículo Ejemplar Costo de reposición Price effective from Tipo de ítem Perdido Sistema de clasificación Dañado No prestable Tipo de ítem específico Suprimido Ubicación habitual Ubicación actual Localización Fecha de creación Proveedor Forma de adquisición Costo
30/05/2024 8 5 WI 900 S524 200025731 15/05/2026 5a.Ed. Ej.3 160000.00 26/11/2013 Libro   NLM     Libro   Quinta de Mutis Quinta de Mutis 2do piso 26/11/2013 23 Compra 160000.00
      WI 900 S524 200025730 11/12/2025 5a.Ed. Ej.2 160000.00 26/11/2013 Libro de reserva   NLM     Libro de reserva   Quinta de Mutis Quinta de Mutis 2do piso 26/11/2013 23 Compra 160000.00